000 003590000a22001210004500
008 230817t1991 ||||| |||| 00| 0 eng d
022 _a10181342
245 _aDossier 11/12/13
260 _aGrables:
_bInternational Solidarity Network,
_c1991
650 _aMUSLIM WOMEN-Social conditions--Periodicals
650 _aWomen (Islamic law)--Periodicals
942 _cCR
999 _c1058
_d1058